| 000 | 00570nam a2200205Ia 4500 | ||
|---|---|---|---|
| 005 | 20250508165032.0 | ||
| 008 | 008 250505s9999 xx 000 0 eng d | ||
| 020 | _a5-05-001165-5 | ||
| 037 | _aReference | ||
| 040 |
_aFEDL _beng _cFEDL |
||
| 041 |
_aeng _2eng |
||
| 084 |
_a550, CLE/RR _qFEDL |
||
| 100 |
_aClevenger William _9779780 |
||
| 245 | 0 | _aWhy the sky is blue and other wonders of the earth | |
| 260 |
_aLondon, UK _bGrafton Books _c1992 |
||
| 300 | _a128p. | ||
| 546 | _aMACESE | ||
| 942 |
_cREF _h550, CLE/RR |
||
| 999 |
_c1392779 _d1392779 |
||